Twarze prezydentów USA - nagła śmierć #2 - Statystyki

Ogólne statystyki
  • Ten quiz został rozwiązany 33 razy
  • Średni wynik to 9 z 20
Answers on the Grid
Answers color-coded by a green-red scale on the quiz's grid according to % correct below.
 
Statystyki odpowiedzi
Odpowiedź % Poprawnych
Donald Trump
85%
George W. Bush
80%
Barack Obama
75%
Joe Biden
70%
George H. W. Bush
55%
Theodore Roosevelt
50%
James Madison
40%
John Adams
40%
Andrew Jackson
40%
Benjamin Harrison
40%
Grover Cleveland
35%
William Henry Harrison
35%
James A. Garfield
35%
James Monroe
35%
Andrew Johnson
35%
John Tyler
35%
John Quincy Adams
35%
James K. Polk
30%
Chester A. Arthur
30%
Zachary Taylor
30%
Nie znaleziono quizów pasujących do podanych kryteriów
Rozkład punktacji
Procent ludzi z każdym wynikiem
Percentyl według liczby udzielonych odpowiedzi
Twoja historia wyników
Nie rozwiązałeś tego quizu